A trait-based approach to understand the evolution of complex coalitions in male mammals /
Gorde:
| Egile nagusia: | |
|---|---|
| Beste egile batzuk: | |
| Formatua: | Artikulua |
| Hizkuntza: | English |
| Gaiak: | |
| Etiketak: |
Etiketa erantsi
Etiketarik gabe, Izan zaitez lehena erregistro honi etiketa jartzen!
|
| Thư viện lưu trữ: | Thư viện Trường Đại học Đà Lạt |
|---|
| LEADER | 00869nam a2200289 4500 | ||
|---|---|---|---|
| 001 | DLU090097929 | ||
| 005 | ##20091201 | ||
| 040 | # | # | |a DLU |b eng |
| 041 | # | # | |a eng |
| 044 | # | # | |a uk |
| 100 | # | # | |a Olson, Lucretia E. |
| 245 | # | # | |a A trait-based approach to understand the evolution of complex coalitions in male mammals / |c Lucretia E. Olson, Daniel T. Blumstein. |
| 653 | # | # | |a Coalitions |
| 653 | # | # | |a Mammals |
| 653 | # | # | |a Mutual tolerance |
| 653 | # | # | |a Sociality |
| 700 | # | # | |a Blumstein, Daniel T. |
| 773 | # | # | |t Behavioral ecology |g Vol. 20, no. 3 (May-June 2009), p. 624-632 |
| 920 | # | # | |a Phòng Tạp chí -- Trung tâm Thông tin - Thư viện Trường Đại học Đà Lạt |
| 994 | # | # | |a DLU |
| 900 | # | # | |a True |
| 911 | # | # | |a Trương Bảo Trâm Anh |
| 925 | # | # | |a G |
| 926 | # | # | |a A |
| 927 | # | # | |a BB |
| 980 | # | # | |a Thư viện Trường Đại học Đà Lạt |